LEADER 01357nam a2200289 i 4500 001 000000220853 003 CaOOAMICUS 005 20130605000000.0 008 130605s1991 it u000 u fre u 013 $a199750 040 $aSeMil$bita 100 1 $aThérèse : de l'Enfant-Jésus,$c.$0(OLS)http://semarc/name/98600 245 13$aUn cantique d'amour :$bpoésies : textes et introductions /$csainte Thérèse de l'Enfante Jésus et de la Sainte-Face ; préface de Jean Guitton. 250 $a4. ed. (édition intégrale). 260 $aParis :$bDesclée de Brouwer,$c1991. 260 $aParis :$bLes Éditions du Cerf,$c1991. 300 $a301 p. ;$c20 cm. 500 $aFondo card. C. M. Martini. 650 4$aTeresa : del Bambino Gesù - Poesie.$0(OLS)http://semarc/subject/22206 700 1 $aGuitton, Jean,$d<1901-1999>.$0(OLS)http://semarc/name/848 850 $aSeMil 852 $aSeMil$W1$xVenegono$y1$m2C III 599$j171207$B171207$CSeMilBibl$Z2$F182524 $81 941 1 $a4 961 $aLascito: Martini Card. Carlo Maria 996 $6245$aUn cantique d'amour :$bpoésies : textes et introductions$9(OLS)http://semarc/title/316661 996 $6260$aParis :$bLes Éditions du Cerf$9(OLS)http://semarc/publisher/29611 996 $6260$aParis :$bDesclée de Brouwer$9(OLS)http://semarc/publisher/30132 LEADER 01610nam a2200289 i 4500 001 000000048159 003 CaOOAMICUS 005 20150825000000.0 008 150825s1975 it u000 u ita u 013 $a19329 040 $aSeMil$bita 100 1 $aReineri, Mariangiola.$0(OLS)http://semarc/name/23890 245 13$aIl movimento cattolico in Italia dall'unità al 1948 /$cMariangiola Reineri. 246 04$iTitolo in copertina:$aDall'unità alla prima guerra mondiale. Dal pensiero sociale al sindacalismo bianco. Il partito popolare. La Chiesa e il regime. Dal fascismo alla democrazia. Dalla guerra alla ricostruzione 260 $aTorino :$bLoescher,$c1975. 300 $a279 p. ;$c22 cm. 490 0 $aDocumenti della storia [Loescher]v14 500 $aIn preliminari : Fondo Conti. 650 4$aMovimento cattolico - Storia.$0(OLS)http://semarc/subject/4896 650 4$aMovimento cattolico - Storia - Sec. 20.$0(OLS)http://semarc/subject/5423 830 0$aDocumenti della storia [Loescher] ;$v14.$0(OLS)http://semarc/title/419542 850 $aSeMil 852 $aSeMil$W1$xVenegono$y1$m3N V 332$j14314$B14314$CSeMilBibl$Z2$F14314 $81 961 $aOmaggio: Conti Franco 996 $6245$aIl movimento cattolico in Italia dall'unità al 1948$9(OLS)http://semarc/title/72812 996 $6246$aDall'unità alla prima guerra mondiale. Dal pensiero sociale al sindacalismo bianco. Il partito popolare. La Chiesa e il regime. Dal fascismo alla democrazia. Dalla guerra alla ricostruzione$9(OLS)http://semarc/title/72813 996 $6260$aTorino :$bLoescher$9(OLS)http://semarc/publisher/30450